[Event "Open Qualificatif Marseille"]
[Site "?"]
[Date "2005.11.05"]
[Round "1"]
[White "Thiers, Jean-Jacques"]
[Black "Mazzerbo, Olivier"]
[Result "0-1"]
[WhiteElo "1730"]
[BlackElo "1570"]
[PlyCount "128"]
[EventDate "2005.12.02"]
[SourceDate "2005.12.02"]

1. e4 c6 2. d4 d5 3. Bd3 dxe4 4. Bxe4 Nf6 5. Nc3 g6 6. Bf3 Bg7 7. Be3 O-O 8.
Qd2 Na6 9. Nge2 Be6 10. O-O Nc7 11. Rad1 Ncd5 12. Bh6 Rc8 13. Bxg7 Kxg7 14. a3
Qc7 15. Rfe1 h5 16. Qg5 Rh8 17. Ne4 Ng4 18. g3 f6 19. Qd2 Bf5 20. N2c3 h4 21.
Bxg4 Bxg4 22. Nxd5 cxd5 23. Nc5 Kf7 24. Rc1 b6 25. Nd3 hxg3 26. fxg3 g5 27. Rf1
Kg6 28. Rf2 Bf5 29. c3 Be4 30. Qe3 Rh3 31. Kf1 Rch8 32. Rcc2 Qd6 33. Rcd2 Qe6
34. Ke1 Qg4 35. Qe2 Qxe2+ 36. Rfxe2 Bxd3 37. Rxd3 Rxh2 38. Rde3 Rxe2+ 39. Rxe2
Re8 40. Kf2 e5 41. Kf3 e4+ 42. Ke3 Rh8 43. c4 dxc4 44. d5 f5 45. Kd4 b5 46. d6
Kf6 47. Kc5 Rc8+ 48. Kxb5 Ke6 49. g4 f4 50. Rxe4+ Kxd6 51. Ka6 f3 52. Re1 f2
53. Rf1 Rf8 54. Kxa7 Kc5 55. Ka6 Kd4 56. a4 Ke3 57. Kb6 Ke2 58. Rc1 f1=Q 59.
Rxf1 Rxf1 60. a5 Rb1 61. a6 Rxb2+ 62. Ka7 c3 63. Ka8 c2 64. a7 Ra2 0-1

[Event "Open Qualificatif Marseille"]
[Site "?"]
[Date "2005.11.05"]
[Round "1"]
[White "Druel, Patrice"]
[Black "Bouilloux, Alain"]
[Result "0-1"]
[WhiteElo "1180"]
[BlackElo "1320"]
[PlyCount "54"]
[EventDate "2005.12.02"]
[SourceDate "2005.12.02"]

1. d4 d5 2. Nf3 Nf6 3. e3 Bg4 4. h3 Bh5 5. Be2 e6 6. O-O c5 7. Bb5+ Nc6 8. b3
a6 9. Be2 cxd4 10. exd4 h6 11. Bb2 Bd6 12. Re1 O-O 13. Nbd2 Rc8 14. a4 Bg6 15.
c3 Ne4 16. Bd3 Nxf2 17. Kxf2 Bxd3 18. Re3 Bh7 19. Qg1 Qf6 20. Ke2 Rce8 21. Rf1
Qg6 22. Rc1 e5 23. Nh4 Qf6 24. g3 exd4 25. cxd4 Nxd4+ 26. Bxd4 Qxd4 27. Rxe8
Qd3+ {suivi de Rf3, coup illegal.} 0-1

[Event "Open Qualificatif Marseille"]
[Site "?"]
[Date "2005.11.05"]
[Round "1"]
[White "Coll, Marion"]
[Black "Pisano, Lucas"]
[Result "1-0"]
[WhiteElo "1330"]
[BlackElo "1199"]
[PlyCount "75"]
[EventDate "2005.12.02"]
[SourceDate "2005.12.02"]

1. d4 d5 2. Nf3 f6 3. e3 Nc6 4. c3 e5 5. dxe5 fxe5 6. Bb5 Bd7 7. Qxd5 Nge7 8.
Qd1 Ng6 9. O-O Bd6 10. e4 Nb8 11. Bc4 Qf6 12. Bg5 Qf8 13. Qd5 c6 14. Qd3 Na6
15. Rd1 Rc8 16. Qxd6 Qxd6 17. Rxd6 b5 18. Be2 h6 19. Bh4 Nf4 20. Kf1 O-O 21.
Nxe5 Nc5 22. Nxd7 Nxd7 23. Rxd7 Rce8 24. Nd2 g5 25. Bg3 Rf6 26. c4 Ref8 27. f3
bxc4 28. Bxc4+ Kh8 29. Bf2 h5 30. Bd4 h4 31. h3 Nh5 32. Rc1 Ng3+ 33. Kf2 Nh5
34. e5 Rf5 35. e6+ R5f6 36. e7 Re8 37. Re1 Kg7 38. Rd8 1-0

[Event "Open Qualificatif Marseille"]
[Site "?"]
[Date "2005.11.05"]
[Round "1"]
[White "Rieu, Christine"]
[Black "Artus, Robin"]
[Result "0-1"]
[WhiteElo "1499"]
[BlackElo "1009"]
[PlyCount "48"]
[EventDate "2005.12.02"]
[SourceDate "2005.12.02"]

1. d4 d5 2. Nf3 Nf6 3. g3 Nc6 4. Bh3 Bxh3 5. a4 e5 6. b3 Ng4 7. Ng1 Bb4+ 8. c3
Qf6 9. Nxh3 Bd6 10. f3 Nh6 11. O-O Nf5 12. dxe5 Qxe5 13. f4 Bc5+ 14. Kh1 Qe4+
15. Rf3 h5 16. b4 Bb6 17. b5 h4 18. Qb3 hxg3 19. hxg3 Rxh3+ 20. Kg2 Ncd4 21.
cxd4 Nxd4 22. Qa2 Nxe2 23. Kxh3 Qxf3 24. Qc2 Qxg3# 0-1

[Event "Open Qualificatif Marseille"]
[Site "?"]
[Date "2005.11.05"]
[Round "1"]
[White "Cheraki, Roger"]
[Black "Benniche, Robert"]
[Result "1-0"]
[WhiteElo "1650"]
[BlackElo "1499"]
[PlyCount "48"]
[EventDate "2005.12.02"]
[SourceDate "2005.12.02"]

1. d4 d5 2. c4 Nf6 3. Nf3 Bg4 4. Ne5 Be6 5. e3 c6 6. Bd3 Ne4 7. O-O f6 8. Qh5+
g6 9. Nxg6 Bf7 10. f3 Bxg6 11. Qh4 Nd6 12. Bxg6+ Nf7 13. Bxf7+ Kxf7 14. Qh5+
Ke6 15. e4 Kd6 16. cxd5 Kc7 17. Nc3 h6 18. Bf4+ Kc8 19. Rfd1 Bg7 20. dxc6 Nxc6
21. Nb5 e5 22. dxe5 Qb6+ 23. Kh1 Qxb5 24. Qf5+ Kc7 {probleme de notation} 1-0

[Event "Open Qualificatif Marseille"]
[Site "?"]
[Date "2005.11.05"]
[Round "1"]
[White "Monteil, Marie-Joseph"]
[Black "Brest, Jean-Francois"]
[Result "0-1"]
[WhiteElo "1330"]
[BlackElo "1099"]
[PlyCount "72"]
[EventDate "2005.12.02"]
[SourceDate "2005.12.02"]

1. e4 c5 2. d4 cxd4 3. c3 Nf6 4. Bd3 d5 5. e5 Nfd7 6. Nf3 Nc6 7. cxd4 e6 8. Nc3
Bb4 9. O-O O-O 10. Qc2 h6 11. a3 Be7 12. Be3 f6 13. Bh7+ Kh8 14. Qg6 fxe5 15.
Bxh6 gxh6 16. Qxh6 Nf6 17. Bf5+ Kg8 18. Bxe6+ Bxe6 19. Ng5 Bf7 20. f4 exd4 21.
Ne2 Qe8 22. Rae1 Bg6 23. f5 Ng4 24. Qxg6+ Qxg6 25. fxg6 Bxg5 26. Rxf8+ Rxf8 27.
g3 Re8 28. h3 d3 29. hxg4 Rxe2 30. Kf1 Nd4 31. Rxe2 dxe2+ 32. Ke1 Bd8 33. b4 a5
34. b5 a4 35. Kd2 Ba5+ 36. Kd3 e1=Q 0-1

[Event "Open Qualificatif Marseille"]
[Site "?"]
[Date "2005.11.05"]
[Round "1"]
[White "Munos, Yves"]
[Black "Corrias, Robert"]
[Result "0-1"]
[WhiteElo "1580"]
[BlackElo "1780"]
[PlyCount "92"]
[EventDate "2005.12.02"]
[SourceDate "2005.12.02"]

1. e4 e5 2. Nf3 Nc6 3. Bc4 Be7 4. Nc3 Nf6 5. d3 O-O 6. Bd2 d6 7. Ne2 Kh8 8. O-O
Bg4 9. Ng3 Nd4 10. c3 Nxf3+ 11. gxf3 Bh3 12. Qe2 Bxf1 13. Rxf1 c6 14. f4 Qc7
15. f5 d5 16. Bb3 dxe4 17. dxe4 Bd6 18. Bg5 Nd7 19. f6 gxf6 20. Bh6 Nc5 21. Nf5
Rg8+ 22. Kh1 Nxb3 23. axb3 Rg6 24. h4 Bf8 25. Be3 Qd7 26. Rd1 Qe6 27. c4 Be7
28. Rg1 b6 29. Qf3 Rag8 30. Rg3 Bd8 31. h5 Rxg3 32. fxg3 Qd7 33. Qe2 c5 34. h6
Be7 35. Kh2 Rd8 36. Qg4 Bf8 37. Qh5 Qe6 38. Kg2 Rd3 39. Qe2 Rxb3 40. Qd2 Qxc4
41. Qd8 Qxe4+ 42. Kg1 Qb1+ 43. Kg2 Rxb2+ 44. Bf2 Rxf2+ 45. Kxf2 Qxf5+ 46. Kg2
Kg8 0-1

[Event "Open Qualificatif Marseille"]
[Site "?"]
[Date "2005.11.05"]
[Round "1"]
[White "Leadbetter, Peter"]
[Black "Munos, Julien"]
[Result "0-1"]
[WhiteElo "1520"]
[BlackElo "1710"]
[PlyCount "60"]
[EventDate "2005.12.02"]
[SourceDate "2005.12.02"]

1. c4 c5 2. Nf3 Nc6 3. Nc3 e6 4. g3 Nf6 5. Bg2 d5 6. cxd5 exd5 7. d4 Be6 8. Ng5
cxd4 9. Nxe6 fxe6 10. Nb5 Qa5+ 11. Nc3 Bb4 12. Bh3 dxc3 13. O-O Ke7 14. b3 Rac8
15. a3 Bd6 16. Be3 d4 17. Bxd4 c2 18. Bxf6+ gxf6 19. Qd3 Ne5 20. Qe4 Qd2 21.
Qe3 Qxe3 22. fxe3 Rc3 23. Rfc1 Rhc8 24. b4 a5 25. Bg2 b6 26. Be4 f5 27. Bxc2
Rxc2 28. Rf1 Rxe2 29. bxa5 Rcc2 30. Rab1 Nf3+ 0-1

[Event "Open Qualificatif Marseille"]
[Site "?"]
[Date "2005.11.05"]
[Round "1"]
[White "Khalifa, Alexandre"]
[Black "Levisse, Alexandre"]
[Result "1/2-1/2"]
[WhiteElo "1440"]
[BlackElo "1630"]
[PlyCount "95"]
[EventDate "2005.12.02"]
[SourceDate "2005.12.02"]

1. e4 e5 2. Nf3 Nc6 3. Bb5 a6 4. Bxc6 dxc6 5. d3 Bg4 6. h3 Bxf3 7. Qxf3 Qf6 8.
Nd2 Qxf3 9. Nxf3 Bd6 10. Bd2 O-O-O 11. Ng5 Rf8 12. Bc3 h6 13. Nf3 f6 14. d4
exd4 15. Bxd4 Re8 16. Nd2 Ne7 17. O-O-O Ng6 18. Rhe1 c5 19. Bc3 b5 20. Ba5 Bf4
21. g3 Bxd2+ 22. Rxd2 Ne5 23. Rd5 Nc4 24. Bc3 b4 25. Rxc5 bxc3 26. Rxc4 cxb2+
27. Kxb2 Re5 28. f4 Rb5+ 29. Kc3 Rd8 30. a4 Rb6 31. a5 Rb5 32. Ra1 g5 33. f5
Re5 34. Rd4 Rc5+ 35. Rc4 Rxc4+ 36. Kxc4 Rd2 37. Ra3 Rxc2+ 38. Rc3 Rxc3+ 39.
Kxc3 Kd7 40. Kd4 Kd6 41. e5+ fxe5+ 42. Ke4 c5 43. f6 Ke6 44. f7 Kxf7 45. Kxe5
Ke7 46. Kd5 c4 47. Kxc4 Kd6 48. Kd4 1/2-1/2

[Event "Open Qualificatif Marseille"]
[Site "?"]
[Date "2005.11.05"]
[Round "1"]
[White "Fournier, Alain"]
[Black "Khalifa, Patrick"]
[Result "1-0"]
[WhiteElo "1630"]
[BlackElo "1450"]
[PlyCount "67"]
[EventDate "2005.12.02"]
[SourceDate "2005.12.02"]

1. d4 d5 2. Nf3 Bg4 3. Ne5 Bh5 4. g4 Bg6 5. Nc3 e6 6. Nxg6 fxg6 7. Qd3 Be7 8.
Bf4 c6 9. Bh3 Nh6 10. Qe3 Qd7 11. Bxh6 gxh6 12. Qxh6 Bf6 13. O-O-O Qe7 14. Qe3
c5 15. dxc5 Nc6 16. Nb5 O-O 17. f4 a6 18. Nd6 g5 19. f5 d4 20. Qxe6+ Qxe6 21.
fxe6 Na5 22. Bg2 Rab8 23. Bd5 Kg7 24. Nf5+ Kh8 25. Nxd4 Rfd8 26. Nf5 Nc6 27. e4
Ne5 28. e7 Re8 29. h4 gxh4 30. Nxh4 Bxe7 31. Nf5 Bxc5 32. Rh5 Nxg4 33. Bf7 Rxe4
34. Rxh7+ 1-0

[Event "Open Qualificatif Marseille"]
[Site "?"]
[Date "2005.11.05"]
[Round "1"]
[White "Robe, Pierre"]
[Black "Gomez, Jean-Luc"]
[Result "0-1"]
[WhiteElo "1920"]
[BlackElo "1599"]
[PlyCount "80"]
[EventDate "2005.12.02"]
[SourceDate "2005.12.02"]

1. b3 d5 2. Bb2 e6 3. e3 Nf6 4. Nf3 Nbd7 5. Be2 Be7 6. O-O O-O 7. d3 c5 8. Nbd2
b6 9. c4 Bb7 10. Qc2 Qc7 11. Rac1 Rac8 12. a3 Rfe8 13. Rfe1 Bd6 14. h3 a6 15.
Qb1 Rb8 16. d4 Qd8 17. Ne5 Qc7 18. f4 Bxe5 19. fxe5 Ne4 20. Nf3 Qd8 21. Bd3 f5
22. exf6 Ndxf6 23. Ne5 Rf8 24. Rf1 Nd2 25. Qc2 Nxf1 26. Rxf1 Qe7 27. Rf4 Rbc8
28. dxc5 Rxc5 29. Bxh7+ Nxh7 30. Ng6 Qc7 31. Rh4 Rf5 32. Nf4 Rc6 33. g4 Qe7 34.
Ng2 Ng5 35. Ne1 Rf7 36. Qg6 e5 37. Qd3 dxc4 38. bxc4 Re6 39. Qc2 Be4 40. Qc3
Qf6 0-1

[Event "Open Qualificatif Marseille"]
[Site "?"]
[Date "2005.11.05"]
[Round "1"]
[White "Le Francois, Phil"]
[Black "De Albera, Pierre"]
[Result "0-1"]
[WhiteElo "1499"]
[BlackElo "1650"]
[PlyCount "106"]
[EventDate "2005.12.02"]
[SourceDate "2005.12.02"]

1. e4 c6 2. d4 d5 3. e5 Bf5 4. Bd2 e6 5. Bd3 Bxd3 6. cxd3 Ne7 7. Nf3 Nf5 8. O-O
Be7 9. Nc3 O-O 10. Qc1 h6 11. g3 Nd7 12. a3 c5 13. Nb5 Qb6 14. a4 a6 15. Nd6
Nxd6 16. exd6 Bxd6 17. Bc3 cxd4 18. Bxd4 Bc5 19. Qc3 Bxd4 20. Nxd4 Rfc8 21. a5
Qc5 22. Rac1 Qxc3 23. Rxc3 Rxc3 24. bxc3 Rc8 25. Rc1 Ne5 26. Rb1 Rc7 27. c4
dxc4 28. dxc4 Nxc4 29. Rb4 Nxa5 30. Kg2 Rc4 31. Rxc4 Nxc4 32. Kf1 a5 33. Ke1 e5
34. Nc2 b5 35. Kd1 b4 36. Kc1 b3 37. Ne3 Nxe3 38. fxe3 Kf8 39. Kb2 a4 40. h4 f5
41. h5 Ke7 42. Ka3 Kd6 43. Kxa4 b2 44. Ka5 Kc6 45. Kb4 b1=Q+ 46. Kc3 Kc5 47.
Kd2 Qf1 48. e4 Kd4 49. exf5 e4 50. g4 Qd3+ 51. Ke1 e3 52. f6 Qd2+ 53. Kf1 Qf2#
0-1

[Event "Open Qualificatif Marseille"]
[Site "?"]
[Date "2005.11.05"]
[Round "1"]
[White "Desorme, Olivier"]
[Black "Moncomble, Bernard"]
[Result "1/2-1/2"]
[WhiteElo "1620"]
[BlackElo "1440"]
[PlyCount "100"]
[EventDate "2005.12.02"]
[SourceDate "2005.12.02"]

1. d4 Nf6 2. Nf3 h6 3. Bf4 d6 4. e3 Bf5 5. Nbd2 e6 6. Bd3 Bxd3 7. cxd3 Nbd7 8.
O-O Be7 9. e4 O-O 10. Rc1 Re8 11. Re1 Nf8 12. Qc2 Ng6 13. Bg3 Rc8 14. Qa4 a6
15. Rc3 Nh5 16. Rec1 Nxg3 17. hxg3 d5 18. Qc2 c6 19. a3 Qb6 20. Qb3 Qa7 21. Qc2
dxe4 22. dxe4 Red8 23. Nb3 Nf8 24. Ne5 Bf6 25. Nf3 g5 26. e5 Bg7 27. Na5 g4 28.
Ne1 Rxd4 29. Rd3 Bxe5 30. Rxd4 Bxd4 31. Qe4 Bxf2+ 32. Kf1 f5 33. Qf4 Be3 34.
Qc4 Bxc1 35. Qxc1 Kh7 36. Nc4 Qb8 37. Qe3 Re8 38. Nd3 Ng6 39. Nce5 Nxe5 40.
Nxe5 Qc7 41. b4 b5 42. Ke2 Kg8 43. Qc3 Kh7 44. Qe3 Rd8 45. Qc5 Rd5 46. Qf8
Qxe5+ 47. Kf2 Rd2+ 48. Kg1 Qxg3 49. Qf7+ Kh8 50. Qf8+ Kh7 1/2-1/2

[Event "Open Qualificatif Marseille"]
[Site "?"]
[Date "2005.11.05"]
[Round "1"]
[White "Noel, Jean-Baptiste"]
[Black "Angileri, Lucas"]
[Result "0-1"]
[WhiteElo "1009"]
[BlackElo "1009"]
[PlyCount "36"]
[EventDate "2005.12.02"]
[SourceDate "2005.12.02"]

1. a4 e5 2. Ra3 Bxa3 3. bxa3 d5 4. Nc3 Nf6 5. Nxd5 Nxd5 6. Bb2 Nc6 7. Bxe5 Nxe5
8. f3 Bf5 9. g4 Bd7 10. a5 O-O 11. e4 Bb5 12. Bh3 Ne7 13. Qe2 N7c6 14. Qxb5 a6
15. Qxb7 Qd7 16. Qxa6 Rxa6 17. g5 Rxa5 18. Ne2 Qd6 {probleme de notation} 0-1

[Event "Open Qualificatif Marseille"]
[Site "?"]
[Date "2005.11.05"]
[Round "1"]
[White "Jouet, Philippe"]
[Black "Desmas, William"]
[Result "1-0"]
[WhiteElo "1399"]
[BlackElo "1199"]
[PlyCount "47"]
[EventDate "2005.12.02"]
[SourceDate "2005.12.02"]

1. e4 e5 2. Nc3 Bb4 3. Nf3 f6 4. Bc4 c6 5. d4 d5 6. exd5 cxd5 7. Bb3 Ne7 8. O-O
e4 9. Nd2 Nf5 10. Nxd5 Nxd4 11. Nxb4 f5 12. Re1 Nf3+ 13. Nxf3 Qxd1 14. Rxd1
exf3 15. g3 Nc6 16. Nxc6 bxc6 17. Bg5 h6 18. Re1+ Kd7 19. Re7+ Kd6 20. Rd1+ Kc5
21. Be3+ Kb5 22. Re5+ Ka6 23. Rd6 Bb7 24. Bc4# 1-0

[Event "Open Qualificatif Marseille"]
[Site "?"]
[Date "2005.11.05"]
[Round "1"]
[White "Mercier, Matthieu"]
[Black "Martinet, Jean-Marie"]
[Result "1-0"]
[WhiteElo "1199"]
[BlackElo "1370"]
[PlyCount "103"]
[EventDate "2005.12.02"]
[SourceDate "2005.12.02"]

1. Nf3 Nf6 2. d3 d5 3. g3 e6 4. Bg2 Be7 5. Nbd2 O-O 6. O-O Nbd7 7. e4 dxe4 8.
dxe4 e5 9. Nc4 Nxe4 10. Nfxe5 Ndf6 11. Qd3 Bf5 12. f3 Qxd3 13. Nxd3 Nc5 14. Rd1
Rad8 15. Bf1 Nxd3 16. Bxd3 Bc5+ 17. Kh1 Bxd3 18. cxd3 Rfe8 19. Bf4 Nd5 20. Be5
f6 21. Bc3 Ne3 22. Nxe3 Rxe3 23. d4 Bd6 24. Rf1 Rde8 25. Rae1 Re2 26. Rxe2 Rxe2
27. Re1 Rxe1+ 28. Bxe1 Kf7 29. Kg2 Ke6 30. Kf2 c5 31. Bc3 cxd4 32. Bxd4 Be5 33.
Ke3 Kd5 34. Bxe5 Kxe5 35. f4+ Kd5 36. b3 f5 37. a3 b5 38. Kd3 a5 39. b4 axb4
40. axb4 h6 41. h3 g5 42. fxg5 hxg5 43. h4 f4 44. gxf4 gxf4 45. h5 f3 46. Ke3
Kc4 47. h6 Kxb4 48. h7 f2 49. Kxf2 Kc3 50. h8=Q+ Kc4 51. Qd8 Kb4 52. Qc8 1-0

[Event "Open Qualificatif Marseille"]
[Site "?"]
[Date "2005.11.05"]
[Round "1"]
[White "De Rougemont, Jean"]
[Black "Houzelot, Alice"]
[Result "1-0"]
[WhiteElo "1199"]
[BlackElo "1009"]
[PlyCount "41"]
[EventDate "2005.12.02"]
[SourceDate "2005.12.02"]

1. e4 e5 2. Nf3 Nc6 3. d4 exd4 4. Nxd4 Nf6 5. Nxc6 bxc6 6. e5 Ne4 7. Nc3 Nxc3
8. bxc3 Be7 9. Bc4 O-O 10. O-O h6 11. Bf4 d5 12. exd6 cxd6 13. Re1 Re8 14. Qh5
Rf8 15. Re3 d5 16. Bd3 Bf6 17. Rg3 Bxc3 18. Qxh6 g6 19. Re1 Bxe1 20. Be5 Bc3
21. Qh8# 1-0

[Event "Open Qualificatif Marseille"]
[Site "?"]
[Date "2005.11.05"]
[Round "1"]
[White "Burmonas, Romain"]
[Black "Courtois, Jean-Baptiste"]
[Result "0-1"]
[WhiteElo "1009"]
[BlackElo "1199"]
[PlyCount "52"]
[EventDate "2005.12.02"]
[SourceDate "2005.12.02"]

1. e4 e5 2. Nf3 Nc6 3. Bc4 Nf6 4. Nc3 Nxe4 5. Nxe4 d5 6. Bxd5 Qxd5 7. Nc3 Qd8
8. d3 Bb4 9. a3 Ba5 10. b4 Bb6 11. Be3 Bxe3 12. fxe3 Bg4 13. O-O O-O 14. h3 Bh5
15. Rf2 f5 16. Qe2 Qf6 17. e4 Nd4 18. Qe3 Bxf3 19. gxf3 fxe4 20. fxe4 Qxf2+ 21.
Qxf2 Rxf2 22. Kxf2 Rf8+ 23. Ke3 Nxc2+ 24. Kd2 Rf2+ 25. Kc1 Nxa1 26. Kb1 Nb3 0-1

[Event "Open Qualificatif Marseille"]
[Site "?"]
[Date "2005.11.05"]
[Round "1"]
[White "De Benaze, Jean-Cassieu"]
[Black "Guyot, Bernard"]
[Result "1-0"]
[WhiteElo "1040"]
[BlackElo "1290"]
[PlyCount "89"]
[EventDate "2005.12.02"]
[SourceDate "2005.12.02"]

1. e4 e5 2. Nf3 Nf6 3. Nc3 d6 4. Be2 g6 5. d3 Bg7 6. Bg5 O-O 7. O-O Nbd7 8. d4
b6 9. Bb5 a6 10. Bxd7 Bxd7 11. dxe5 h6 12. exf6 Bxf6 13. Bxf6 Qxf6 14. Re1 Rfe8
15. Nd5 Qxb2 16. Nxc7 Rad8 17. Nxe8 Rxe8 18. Qxd6 Be6 19. Qc6 Kf8 20. a3 a5 21.
Reb1 Qf6 22. Qxb6 g5 23. h3 Qc3 24. Rc1 Qc4 25. e5 Bf5 26. c3 Be4 27. Qxa5 Qe2
28. Qc5+ Re7 29. Qe3 Qc4 30. Nd2 Qc6 31. Nxe4 Rxe5 32. f3 Kg7 33. Qd4 f6 34.
Qd6 Re6 35. Qxc6 Rxc6 36. Rd1 Kg6 37. Rd6 Rxd6 38. Nxd6 f5 39. g3 Kf6 40. g4 f4
41. a4 Kg6 42. a5 h5 43. gxh5+ Kxh5 44. a6 Kh4 45. Ne4 1-0

[Event "Open Qualificatif Marseille"]
[Site "?"]
[Date "2005.11.05"]
[Round "1"]
[White "Plancq, Jacques"]
[Black "Lepretre, Thierry"]
[Result "1-0"]
[WhiteElo "1260"]
[BlackElo "1010"]
[PlyCount "101"]
[EventDate "2005.12.02"]
[SourceDate "2005.12.02"]

1. e4 e5 2. Nf3 Nf6 3. Nc3 g6 4. Bc4 Bg7 5. Nxe5 c6 6. Bxf7+ Ke7 7. Bc4 b5 8.
Be2 d6 9. Nf3 Be6 10. d4 b4 11. Nb1 Qa5 12. O-O Nxe4 13. c3 bxc3 14. Qc2 d5 15.
bxc3 Rc8 16. Nbd2 Bf5 17. Nxe4 Bxe4 18. Qb2 c5 19. Qb7+ Nd7 20. Bb5 Qc7 21.
Qxc7 Rxc7 22. Ba3 a6 23. Bxd7 Kxd7 24. Bxc5 Bd3 25. Rfe1 Re8 26. Rxe8 Kxe8 27.
Re1+ Be4 28. Ng5 h6 29. Nxe4 dxe4 30. Rxe4+ Kd8 31. Bb6 Kd7 32. Bxc7 Kxc7 33.
Re7+ Kd6 34. Rxg7 Kd5 35. Kf1 Kc4 36. Rc7+ Kd3 37. Ke1 Ke4 38. Rc5 Kd3 39. Kd1
Ke4 40. f3+ Kf4 41. g3+ Kxf3 42. d5 g5 43. d6 g4 44. d7 Kg2 45. Rh5 Kf3 46.
d8=Q Kg2 47. Qd2+ Kf3 48. Rf5+ Ke4 49. Qd5+ Ke3 50. Qe5+ Kd3 51. Qd4# 1-0

[Event "Open Qualificatif Marseille"]
[Site "?"]
[Date "2005.11.26"]
[Round "2"]
[White "Mazzerbo, Olivier"]
[Black "Cheraki, Roger"]
[Result "1-0"]
[WhiteElo "1570"]
[BlackElo "1650"]
[PlyCount "85"]
[EventDate "2005.12.02"]
[SourceDate "2005.12.02"]

1. e4 e6 2. d4 d5 3. Nc3 Nf6 4. Bg5 Be7 5. Bxf6 Bxf6 6. e5 Be7 7. Nf3 c5 8. Bd3
Nc6 9. Bb5 Bd7 10. Bxc6 Bxc6 11. O-O Qb6 12. Rb1 cxd4 13. Nxd4 Bd7 14. Nce2 Rc8
15. c3 O-O 16. Ng3 f6 17. Nf3 fxe5 18. Nxe5 Bb5 19. Nd3 Bd6 20. a4 Bxd3 21.
Qxd3 Rf6 22. b4 Rcf8 23. a5 Qc7 24. Rbd1 b6 25. axb6 axb6 26. Ra1 Be5 27. Ra3
Qf7 28. Qe3 Bxg3 29. Qxg3 e5 30. Qe3 e4 31. Ra6 Qb7 32. b5 Rg6 33. Rfa1 Qc7 34.
Qd4 Qd6 35. Rd1 Rd8 36. c4 dxc4 37. Qxc4+ Kh8 38. Rxd6 Rgxd6 39. g3 Re8 40. Qf7
Red8 41. Ra7 Rg6 42. Re7 Rg8 43. Re8 1-0

[Event "Open Qualificatif Marseille"]
[Site "?"]
[Date "2005.11.26"]
[Round "2"]
[White "Luc, Rene"]
[Black "Boghafor, Sihem"]
[Result "1-0"]
[WhiteElo "1720"]
[BlackElo "1440"]
[PlyCount "51"]
[EventDate "2005.12.02"]
[SourceDate "2005.12.02"]

1. e4 e5 2. Nf3 Nc6 3. Bb5 a6 4. Ba4 b5 5. Bb3 Nf6 6. Ng5 Qe7 7. Nxf7 Rg8 8.
Ng5 Rh8 9. Bf7+ Kd8 10. Bb3 Ke8 11. Nc3 Bb7 12. d3 Nd4 13. Nf3 Qd6 14. Be3 a5
15. a3 a4 16. Ba2 b4 17. axb4 Qxb4 18. O-O a3 19. Bxd4 exd4 20. Nd5 Nxd5 21.
Bxd5 Bxd5 22. exd5 Qxb2 23. Qe2+ Kd8 24. Rfe1 Bd6 25. Ng5 Re8 26. Qxe8# 1-0

[Event "Open Qualificatif Marseille"]
[Site "?"]
[Date "2005.11.26"]
[Round "2"]
[White "Gaubil, Melissande"]
[Black "Seyler, Victor"]
[Result "1/2-1/2"]
[WhiteElo "1009"]
[BlackElo "1010"]
[PlyCount "115"]
[EventDate "2005.12.02"]
[SourceDate "2005.12.02"]

1. e4 e5 2. Nf3 Nf6 3. Bb5 Bc5 4. O-O O-O 5. Re1 a6 6. Ba4 b5 7. Bb3 Nc6 8. d3
d6 9. a3 Bg4 10. Bg5 Bxf3 11. Qxf3 Nd4 12. Qd1 Nxb3 13. cxb3 h6 14. Bh4 b4 15.
Nd2 bxa3 16. bxa3 Bxa3 17. Rxa3 Re8 18. Nc4 c6 19. d4 a5 20. dxe5 dxe5 21. Nxa5
Rxa5 22. Rxa5 Qxa5 23. Qb1 Nxe4 24. Qxe4 Rd8 25. Bxd8 Qxd8 26. Qxe5 Qd2 27. Qe2
Qb4 28. Qe4 Qd2 29. Qe2 Qb4 30. Qd1 c5 31. Qe2 Qa5 32. Qe4 Kh8 33. b4 cxb4 34.
Rb1 Qb5 35. Qxb4 Qxb4 36. Rxb4 Kh7 37. Rb7 f6 38. f3 Kg6 39. g4 Kh7 40. h3 Kg6
41. f4 f5 42. Rb6+ Kh7 43. g5 g6 44. h4 Kg7 45. Kg2 Kh7 46. Kh3 Kg7 47. h5 hxg5
48. fxg5 gxh5 49. Kh4 f4 50. Kxh5 f3 51. Rb2 Kf7 52. g6+ Kg7 53. Rf2 Kg8 54.
Rxf3 Kg7 55. Ra3 Kg8 56. Ra7 Kf8 57. Kh6 Kg8 58. g7 1/2-1/2

[Event "Open Qualifcatif Marseille"]
[Site "?"]
[Date "2006.03.18"]
[Round "6.2"]
[White "Fournier, Alain"]
[Black "Munos, Julien"]
[Result "0-1"]
[WhiteElo "1600"]
[BlackElo "1760"]
[PlyCount "96"]
[EventDate "2006.05.10"]
[SourceDate "2005.12.02"]

1. g4 d5 2. h3 e5 3. Bg2 Bc5 4. c4 Be6 5. e3 Nc6 6. Qa4 Nge7 7. d3 f5 8. gxf5
Nxf5 9. cxd5 Bxd5 10. Bxd5 Qxd5 11. e4 Qxd3 $2 (11... Bxf2+ $3 12. Kxf2 Qc5+ $1
13. d4 Qxc1 14. exf5 Qxb2+ $19) 12. exf5 O-O-O 13. Bg5 $2 Bb4+ $1 14. Nd2 Bxd2+
15. Bxd2 Qxd2+ 16. Kf1 Rd4 17. Qb3 Rhd8 18. Qe6+ Kb8 19. Nf3 Qd3+ 20. Kg2 Rf4
21. Ng5 Qd2 22. Rhf1 h6 23. Rad1 Rxf2+ $3 24. Rxf2 Qxg5+ 25. Kh2 Rxd1 26. Qe8+
Nd8 27. Qg6 Rg1 28. Qxg5 Rxg5 29. Rf1 Nf7 30. h4 Rg4 31. Kh3 Rf4 32. Rg1 Rxf5
33. Rxg7 Kc8 34. Rg8+ Kd7 35. b4 e4 36. a4 e3 37. Rg2 Rf3+ 38. Kg4 Ne5+ 39. Kh5
Rf2 40. Rg7+ Kd6 41. b5 e2 42. Kxh6 e1=Q 43. h5 Qe3+ (43... Qe4 $1 {#5 (Fritz)}
) 44. Kh7 Rh2 45. b6 Rxh5+ 46. Kg8 Qh6 (46... Qb3+ $1 47. Kf8 Rh8+ 48. Rg8 Qf7#
{(le plus elegant)}) 47. Kf8 Qh8+ 48. Rg8 Rf5+ {Les Blancs abandonnent.} 0-1

[Event "Open Qualifcatif Marseille"]
[Site "?"]
[Date "2006.03.18"]
[Round "6.3"]
[White "Luc, Rene"]
[Black "Coll, Marion"]
[Result "1-0"]
[WhiteElo "1720"]
[BlackElo "1440"]
[PlyCount "83"]
[EventDate "2006.05.10"]
[SourceDate "2005.12.02"]

1. e4 e5 2. Nf3 Nf6 3. d3 Nc6 4. Be2 Bc5 5. Be3 d6 6. Bxc5 dxc5 7. Nbd2 Be6 8.
Ng5 Qe7 9. Nxe6 Qxe6 10. c3 O-O 11. Nf3 Rfd8 12. Qc2 Rd7 13. O-O a6 14. b3 b5
15. Rad1 Rad8 16. h3 Qe7 17. Nh2 Rd6 18. f4 b4 19. fxe5 Nxe5 20. cxb4 cxb4 21.
Qc5 Rb8 22. Rf5 Ned7 23. Qxc7 Qf8 24. e5 Re6 25. Bg4 Nxg4 26. Nxg4 Qc5+ 27.
Qxc5 Nxc5 28. d4 Ne4 29. d5 Ree8 30. d6 Red8 31. Ne3 g6 32. Rf4 Nc3 33. Rd2 Rb5
34. Nc4 Rd7 35. Rdf2 Nd1 36. Rf1 Nc3 37. e6 fxe6 38. Rf8+ Kg7 39. Re8 e5 40.
Re7+ Rxe7 41. dxe7 Rb8 42. Nd6 {Les Noirs abandonnent.} 1-0

[Event "Open Qualifcatif Marseille"]
[Site "?"]
[Date "2006.03.18"]
[Round "6.4"]
[White "Gomez, Jean-Luc"]
[Black "Cheraki, Roger"]
[Result "0-1"]
[WhiteElo "1370"]
[BlackElo "1670"]
[PlyCount "120"]
[EventDate "2006.05.10"]
[SourceDate "2005.12.02"]

1. d4 Nf6 2. Nf3 e6 3. e3 b6 4. Bd3 Bb7 5. Nbd2 d5 6. O-O Bd6 7. Re1 Ne4 8. c3
O-O 9. Qc2 f5 10. b3 Nd7 11. Bb2 Rc8 12. Rac1 c5 13. c4 cxd4 14. Nxd4 Qe7 15.
N2f3 Ne5 16. Nxe5 Bxe5 17. Nf3 Bd6 18. Qd1 Ba3 19. Bxa3 Qxa3 20. Rc2 Qd6 21.
Qe2 Rc7 22. Nd4 a6 23. Rd1 Rcf7 24. f3 Nc5 25. f4 Nxd3 26. Qxd3 dxc4 27. Qxc4
Be4 28. Rcd2 b5 29. Qxe6 Qc5 30. Qxa6 Qc3 31. Kf2 Re7 32. Qxb5 Kh8 33. Qe2 Bb7
34. Rd3 Qc7 35. Qd2 Qc5 36. Rc3 Qd5 37. Nf3 Qa5 38. Nd4 Qd5 39. Kg1 Rd7 40. a3
Rf6 41. b4 Rg6 42. Rc2 Qe4 43. Qf2 h5 44. Rdd2 Re7 45. Re2 Rf7 46. Kf1 Rff6 47.
g3 h4 48. Qg1 hxg3 49. hxg3 Rh6 50. Rh2 Qd3+ 51. Ke1 Be4 52. Qf2 Rxh2 53. Qxh2+
Rh6 54. Qxh6+ gxh6 55. Rc8+ Kg7 56. Rc7+ Kg6 57. Ne6 Qxe3+ 58. Kf1 Bd3+ 59. Kg2
Qe4+ 60. Kh2 Qe2+ {Les Blancs abandonnent (#4 selon Fritz)} 0-1